书目信息 |
| 题名: |
奥运会通史
|
|
| 作者: | 施泰因巴赫 著 ;纪联华 , 张永全 译 | |
| 分册: | 上册 | |
| 出版信息: | 济南 山东画报出版社 2007 |
|
| 页数: | 2册(397,398页) | |
| 开本: | 24cm | |
| 丛书名: | ||
| 单 册: | ||
| 中图分类: | G811.219 | |
| 科图分类: | ||
| 主题词: | 奥运会--体育运动史--1896~2000 , 奥运会 , 体育运动史 | |
| 电子资源: | ||
| ISBN: | 978-7-80713-325-4 | |
| 000 | 01056nam0 2200289 450 | |
| 001 | 003380380 | |
| 005 | 20071226112538.23 | |
| 010 | @a978-7-80713-325-4@dCNY55.00@z7-80713-325-2 | |
| 100 | @a20070116d2007 em y0chiy0110 ea | |
| 101 | 1 | @achi@crus |
| 102 | @aCN@b370000 | |
| 105 | @aa z 000yy | |
| 106 | @ar | |
| 200 | 1 | @a奥运会通史@h上册@9ao yun hui tong shi@f(俄)瓦·利·施泰因巴赫著@g纪联华,张永全译 |
| 210 | @a济南@c山东画报出版社@d2007 | |
| 215 | @a2册(397,398页)@c照片@d24cm | |
| 305 | @a通过中华版权代理总公司获得版权 | |
| 330 | @a本书是一部最全面、最生动、最有深度的奥运会历史著作,介绍了古代奥运会、奥林匹克运动的复兴和现代奥林匹克运动一百多年来蜿蜒曲折、波澜壮阔的宏伟发展历程。 | |
| 606 | 0 | @a奥运会@x体育运动史@z1896~2000 |
| 606 | 0 | @a奥运会 |
| 606 | 0 | @a体育运动史 |
| 690 | @aG811.219@v4 | |
| 701 | 0 | @c(俄)@a施泰因巴赫@9shi tai yin ba he@c(Тейнбах, Ш В. Л.)@4著 |
| 702 | 0 | @a纪联华@9ji lian hua@4译 |
| 702 | 0 | @a张永全@9zhang yong quan@c(俄语)@4译 |
| 801 | 0 | @aCN@bNLC@c20071226 |
| 905 | @dG811.219@e51:1 | |
| 奥运会通史.上册/(俄)瓦·利·施泰因巴赫著/纪联华,张永全译.-济南:山东画报出版社,2007 |
| 2册(397,398页):照片;24cm |
| ISBN 978-7-80713-325-4:CNY55.00 |
| 本书是一部最全面、最生动、最有深度的奥运会历史著作,介绍了古代奥运会、奥林匹克运动的复兴和现代奥林匹克运动一百多年来蜿蜒曲折、波澜壮阔的宏伟发展历程。 |
| ● |
| 相关链接 |
|
|
|
|
正题名:奥运会通史
索取号:G811.219/51:1
 
预约/预借
| 序号 | 登录号 | 条形码 | 馆藏地/架位号 | 状态 | 备注 |
| 1 | 0626561 | 206265619 | 第一样本阅览室/ [索取号:G811.219/51:1] | 在馆 | |
| 2 | 0626562 | 206265628 | 第四借阅区/ [索取号:G811.219/51:1] | 在馆 | |
| 3 | 0626563 | 206265637 | 第四借阅区/ [索取号:G811.219/51:1] | 在馆 | |
| 4 | 0626564 | 206265646 | 第四借阅区/ [索取号:G811.219/51:1] | 在馆 | |
| 5 | 0626565 | 206265655 | 第四借阅区/ [索取号:G811.219/51:1] | 在馆 |